000
00305nam a2200133 a 4500
001
4405
003
CDMR
005
20130116135255.0
008
130130s2010||||||||||||||||||||||||||||d
040
_a
CDMR
_b
cat
_c
CPC GIRONA
245
3
_a
El viatge a l'infern
260
_c
2010
_b
Ajuntament de Sils
942
_c
MON
999
_c
4405
_d
4405